000 00814nam a22003017a 4500
003 UA-OsUOA
001 21619
007 ta
008 20031211b un ||||| |||| 00| 0 ukr d
100 _aТеплов В.И.
700 _aСероштан М.В.
700 _aБоряев В.Е.
700 _aПанасенко В.А.
090 _a339.166(075)
_bТ34
942 _cBK
040 _aUA-OsUOA
_brus
_cUA-OsUOA
_dUA-OsUOA
245 _aКоммерческое товароведение
_bУчебник
_cРец. Н.А.Нагапетьянц
300 _a620 с.
955 _a0
041 _arus
080 _a339.166(075)
020 _a5-8316-0019-Х
260 _aМосква
_bДашков и Ко
_c2001
044 _aRU
250 _n3-е изд.
650 7 _2UDC
999 _c307823
_d307823